Hệ thống thanh toán đa năng dành cho sinh viên trường Đại học Cần Thơ : Báo cáo tổng kết đề tài nghiên cứu khoa học của sinh viên

Xây dựng hệ thống tài khoản thanh toán trên thẻ sinh viên để sinh viên chi trả và nạp tiền cho các dịch vụ một cách dễ dàng và tiết kiệm thời gian.

Đã lưu trong:
書目詳細資料
主要作者: Phạm, Quốc Khải
格式: 圖書
語言:Undetermined
出版: Cần Thơ Trường Đại học Cần Thơ 2018
主題:
標簽: 添加標簽
沒有標簽, 成為第一個標記此記錄!
Thư viện lưu trữ: Trung tâm Học liệu Trường Đại học Cần Thơ
LEADER 01102nam a2200217Ia 4500
001 CTU_229103
008 210402s9999 xx 000 0 und d
082 |a 621.38216 
082 |b Kh103 
088 |a TSV2018-26 
100 |a Phạm, Quốc Khải 
245 0 |a Hệ thống thanh toán đa năng dành cho sinh viên trường Đại học Cần Thơ : 
245 0 |b Báo cáo tổng kết đề tài nghiên cứu khoa học của sinh viên 
245 0 |c Phạm Quốc Khải (Chủ nhiệm đề tài) ; Thái Minh Tuấn (Người hướng dẫn) 
260 |a Cần Thơ 
260 |b Trường Đại học Cần Thơ 
260 |c 2018 
520 |a Xây dựng hệ thống tài khoản thanh toán trên thẻ sinh viên để sinh viên chi trả và nạp tiền cho các dịch vụ một cách dễ dàng và tiết kiệm thời gian. 
650 |a Communication in engineering,Kỹ thuật truyền thông 
910 |b nthai 
980 |a Trung tâm Học liệu Trường Đại học Cần Thơ